Mô đun liên tục mạnh /

محفوظ في:
التفاصيل البيبلوغرافية
المؤلف الرئيسي: Mai Quý Năm.
التنسيق: مقال
اللغة:Vietnamese
الوسوم: إضافة وسم
لا توجد وسوم, كن أول من يضع وسما على هذه التسجيلة!
Thư viện lưu trữ: Thư viện Trường Đại học Đà Lạt
LEADER 00666nam a2200229 4500
001 DLU120138183
005 ##20120724
040 # # |a DLU  |b vie 
041 # # |a vie 
044 # # |a vn 
100 # # |a Mai Quý Năm. 
245 # # |a Mô đun liên tục mạnh /  |c Mai Quý Năm. 
773 # # |t Thông báo khoa học của các trường đại học: Toán - Tin học  |g 2001, tr. 131-136 
920 # # |a Phòng Tạp chí -- Trung tâm Thông tin - Thư viện Trường Đại học Đà Lạt 
994 # # |a DLU 
900 # # |a True 
911 # # |a Nguyễn Thị Thu Phương 
925 # # |a G 
926 # # |a A 
927 # # |a BB 
980 # # |a Thư viện Trường Đại học Đà Lạt